Winnipeg Jets Roster 24-25 - Statistics

General Stats
  • This quiz has been taken 63 times
    15 since last reset
  • The average score is 20 of 34
Answer Stats
# Player % Correct
27 Nikolaj Ehlers
100%
91 Cole Perfetti
90%
37 Connor Hellebuyck
90%
2 Dylan DeMelo
90%
1 Eric Comrie
90%
44 Josh Morrissey
90%
81 Kyle Connor
90%
22 Mason Appleton
90%
17 Adam Lowry
80%
54 Dylan Samberg
80%
64 Logan Stanley
80%
55 Mark Scheifele
80%
4 Neal Pionk
80%
7 Vladislav Namestnikov
80%
13 Gabriel Vilardi
70%
24 Haydn Fleury
70%
36 Morgan Barron
70%
6 Colin Miller
60%
5 Luke Schenn
60%
62 Nino Niederreiter
60%
15 Rasmus Kupari
60%
9 Alex Iafallo
50%
73 Brandon Tanev
50%
19 David Gustafsson
40%
28 Jaret Anderson-Dolan
40%
73 Parker Ford
40%
14 Ville Heinola
40%
21 Dominic Toninato
30%
52 Dylan Coghlan
20%
29 Brayden Yager
10%
57 Elias Salomonsson
10%
23 Mason Shaw
10%
60 Chris Driedger
0%
-- Isaak Phillips
0%
No matching quizzes found
Score Distribution
Percent of People with Each Score
Percentile by Number Answered
Your Score History
You have not taken this quiz since the last reset